Movies by Picture - O - Statistics

General Stats
  • This quiz has been taken 520 times
  • The average score is 6 of 16
Answer Stats
Picture Answer % Correct
Oppenheimer
97%
Oliver!
61%
Once Upon a Time...in Hollywood
58%
One Flew Over the Cuckoo's Nest
56%
Ocean's Eleven
54%
O Brother, Where Art Thou?
39%
Ouija
37%
The Omen
36%
Out of Africa
34%
Old Yeller
29%
Oklahoma
25%
Old School
21%
Once Upon a Time in the West
20%
Othello
18%
On Her Majesty's Secret Service
15%
Ordinary People
8%
No matching quizzes found
Score Distribution
Percent of People with Each Score
Percentile by Number Answered
Your Score History
You have not taken this quiz